Rebellion 1857 (Record no. 6932)

MARC details
000 -LEADER
fixed length control field 00212nam a22000857a 4500
008 - FIXED-LENGTH DATA ELEMENTS--GENERAL INFORMATION
fixed length control field 170620b xxu||||| |||| 00| 0 eng d
020 ## - INTERNATIONAL STANDARD BOOK NUMBER
International Standard Book Number 978812374936
100 ## - MAIN ENTRY--PERSONAL NAME
9 (RLIN) 3548
Personal name Joshi. P. C
245 ## - TITLE STATEMENT
Title Rebellion 1857
260 ## - PUBLICATION, DISTRIBUTION, ETC. (IMPRINT)
Place of publication, distribution, etc. New Delhi
Name of publisher, distributor, etc. N. B. T
Date of publication, distribution, etc. 2007
Holdings
Withdrawn status Lost status Source of classification or shelving scheme Damaged status Koha normalized classification for sorting Not for loan Home library Current library Shelving location Date acquired Total Checkouts Full call number Barcode Date last seen Price effective from Koha item type
    Dewey Decimal Classification   JOS_954_000000000000000_D3   Good Samaritan School Library Good Samaritan School Library History 06/20/2017   JOS954 D-3 JOS7789 06/20/2017 06/20/2017 Reference

Powered by Koha